000 005460000a22001810004500
003 MACL
005 20160610160904.0
008 160610b xxu||||| |||| 00| 0 eng d
040 _aMACL
_cMACL
041 _aHindi
082 _a800
100 _aमिश्र, दीनानाथ
_938076
245 _aघर की मुरगी
_cदीनानाथ मिश्र
260 _bप्रभात प्रकाशन
_c2000
_aदिल्‍ली
350 _a150
650 _aLiteracture
_963992
942 _cHIN
_k800
_2ddc
999 _c30308
_d30308